Kỹ thuật sản xuất vật liệu gốm sứ
Сохранить в:
| Главный автор: | |
|---|---|
| Корпоративные авторы: | , |
| Другие авторы: | |
| Язык: | Undetermined |
| Опубликовано: |
Tp. Hồ Chí Minh
Đại học Quốc Gia Tp. Hồ Chí Minh
2008
|
| Предметы: | |
| Метки: |
Добавить метку
Нет меток, Требуется 1-ая метка записи!
|
| Thư viện lưu trữ: | Trung tâm Học liệu Trường Đại học Trà Vinh |
|---|
| LEADER | 00752nam a2200253Ia 4500 | ||
|---|---|---|---|
| 001 | TVU_2007 | ||
| 008 | 210423s9999 xx 000 0 und d | ||
| 041 | |a Vie | ||
| 082 | |a 666.12 | ||
| 082 | |b M312 | ||
| 100 | |a Đỗ, Quang Minh | ||
| 245 | 0 | |a Kỹ thuật sản xuất vật liệu gốm sứ | |
| 245 | 0 | |c Đỗ Quang Minh | |
| 260 | |a Tp. Hồ Chí Minh | ||
| 260 | |b Đại học Quốc Gia Tp. Hồ Chí Minh | ||
| 260 | |c 2008 | ||
| 300 | |a 270 tr. | ||
| 300 | |b minh họa | ||
| 300 | |c 24 cm | ||
| 650 | |a Công nghệ gốm; Gốm | ||
| 700 | |a Đỗ Quang Minh | ||
| 710 | |a Trường Đại học Quốc gia Tp. Hồ Chí Minh | ||
| 710 | |b Trường Đại học Bách khoa | ||
| 980 | |a Trung tâm Học liệu Trường Đại học Trà Vinh | ||